000
00282nam a2200109Ia 4500
008
201231s9999 xx 000 0 und d
100
_a
Corlett, Ewan
245
0
_a
(The) Ship : The Revolution in Merchant Shipping 1950 - 1980
260
_a
London
_b
HMSO
300
_a
60
942
_c
BK
999
_c
10108
_d
10108